Les joueurs NBA ayant gagné au moins une bague - Statistiques

Statistiques générales
  • Ce quiz a été pris 100 fois
  • Le résultat moyen est 13 sur 20
Answers on the Grid
Answers color-coded by a green-red scale on the quiz's grid according to % correct below.
LeBron James
Aaron Gordon
Chris Paul
Alex Caruso
DeMar DeRozan
Andre Iguodala
James Harden
Nikola Jokic
Bobby Portis
Pau Gasol
Charles Barkley
Jaylen Brown
Kyrie Irving
Scottie Pippen
Allen Iverson
Luguentz Dort
Luka Doncic
Luc Longley
Larry Bird
Rudy Gobert
Phil Jackson
Rajon Rondo
Jayson Tatum
John Stockton
Pascal Siakam
Joakim Noah
Michael Jordan
Tony Parker
Bill Russell
Tyrese Haliburton
 
Statistiques - réponses
Réponse % Correct
LeBron James
78%
Nikola Jokic
78%
Scottie Pippen
78%
Tony Parker
78%
Michael Jordan
75%
Larry Bird
74%
Jayson Tatum
71%
Kyrie Irving
69%
Jaylen Brown
66%
Bill Russell
63%
Pau Gasol
63%
Andre Iguodala
62%
Alex Caruso
62%
Aaron Gordon
60%
Pascal Siakam
60%
Luguentz Dort
57%
Rajon Rondo
57%
Bobby Portis
53%
Phil Jackson
44%
Luc Longley
43%
Aucun quiz correspondant
Distribution des résultats
% des personnes avec chaque résultat
Percentile par nombre de réponses
Votre historique - résultats
Vous n’avez pas pris ce quiz